00363nam a2200133Ia 4500008004100000041001200041082001600053100001600069245006700085260003300152300000800185650001800193700001800211221030s9999 xx 000 0 und d aEnglish a105.23bSin aB. P. Singh 0aOrganisation Theory & Behaviourcby B. P. Singh, T. N. Chhabra bDhanpat Rai PubaIndiac2002 a786 aBE Management aT. N. Chhabra